000 00663nam a22002177a 4500
999 _c64004
_d64004
005 20240530110710.0
008 180121s2015 ua a g b 000 fdara d
017 _a2014/26681
_bمصر. دار الكتب
020 _a9789770933282
040 _aEG-CaGPL
_cEG-CaGPL
082 0 4 _221
_a813.03\
_bح ت
100 0 _aحسين نوح
245 1 0 _aتعاريج :
_bرواية /
_cحسين نوح .
250 _aط.1
260 _aالقاهرة :
_bدار الشروق ،
_c2015 .
300 _a303 ص. ؛
_c20 سم.
650 0 7 _2qrmak
_aالقصص العربية
651 _2qrmak
942 _2ddc
_cBK